Normal view MARC view
  • Nava, Emanuela

Entry Nombre Personal

Number of records used in: 1

001 - NUMERO DE CONTROL

  • campo de control: 51919

003 - IDENTIFICADOR DE NUMERO DE CONTROL

  • campo de control: DLC

005 - FECHA Y HORA DE LA ÜLTIMA TRANSACCIÓN

  • campo de control: 20240513134429.0

008 - DATOS DE LONGITUD FIJA

  • campo de control de longitud fija: 971223nn fcnnnaab| |n aaa

010 ## - NÚMERO DE CONTROL DE LA BIBLIOTECA DEL CONGRESO

  • Número de control LC: n 97125447

040 ## - FUENTE DE CATALOGACIÓN

  • Agencia original de catalogación: DLC
  • Agencia de transcripción: DLC
  • Lenguaje de catalogación: spa
  • Agencia que lo modifica: MX-MxUPN

100 10 - ENCABEZAMIENTO - NOMBRE PERSONAL

  • Nombre personal: Nava, Emanuela

670 ## - FUENTE EN LA QUE SE LOCALIZARON DATOS

  • Cita de la fuente: La bambina strisce e punti, c1996:
  • Información localizada: portada (Emanuela Nava)

670 ## - FUENTE EN LA QUE SE LOCALIZARON DATOS

  • Cita de la fuente: Gotas y goterones, 2006 :
  • Información localizada: cubierta (Emanuela Nava)

902 ## - CATALOGADOR

  • Catalogador: VíctorGodínez/130524